000 00501nam a22001817a 4500
005 20251108170054.0
008 250721s1983 xx 000 0 ara d
082 1 4 _aط/ق/روز
100 1 _aغريب، روز
245 1 0 _aالنجمتان و قصص أخرى /
264 1 _aبيروت :
_bبيت الحكمه،
_c1983.
300 _a83ص
650 1 7 _aالأدب العربي
650 1 7 _aأدب الأطفال
650 1 7 _aالقصص العربيه
942 _2ddc
_cBK
999 _c39028
_d39028